[Event "XIV American Continental"]
[Site "Sao Paulo BRA"]
[Date "2019.07.08"]
[Round "5.88"]
[White "Arruda Filho, Ivo Pereira de"]
[Black "Valim, Luiz Claudio"]
[Result "1/2-1/2"]
[WhiteElo "1744"]
[BlackElo "1954"]
[EventDate "2019.07.05"]
[PlyCount "165"]
[EventRounds "11"]
[EventCountry "BRA"]

1.Nf3 d5 2.d4 Nc6 3.Bf4 Nf6 4.h3 Bf5 5.c3 g6 6.Nbd2 Bg7 7.e3 O-O 8.Be2 Nd7
9.Qb3 Nb6 10.O-O Re8 11.Ne5 Nxe5 12.dxe5 c5 13.Rad1 Bd7 14.Qa3 Qc8 15.Nf3 
e6 16.b3 Qc7 17.Bg3 Red8 18.Bh4 Rf8 19.Bg3 Rfc8 20.Rc1 Bf8 21.Qb2 a5 22.c4
a4 23.Rfd1 dxc4 24.Bxc4 Nxc4 25.bxc4 Rcb8 26.Qd2 Bc6 27.Qe2 b5 28.cxb5 
Bxb5 29.Qc2 a3 30.Qe4 Ra4 31.Qc2 Rc4 32.Qd2 Rxc1 33.Rxc1 Bc6 34.Qc3 Bxf3 
35.gxf3 c4 36.Bh4 Rc8 37.Kg2 Qb6 38.Rc2 Bb4 39.Qd4 Qxd4 40.exd4 c3 41.Bg5 
Rc4 42.Be3 Be7 43.Kf1 Kg7 44.Ke2 Bb4 45.Kd3 Rc8 46.f4 Kh6 47.f3 Kh5 48.Bf2
Rb8 49.Be1 Rc8 50.Ke4 h6 51.Kd3 Rc7 52.Ke4 Ba5 53.Kd3 Rb7 54.Ke4 Rb2 55.
Kd3 Bb4 56.Bf2 Rb1 57.Kc4 Ba5 58.Kd3 Rh1 59.h4 Rd1+ 60.Ke2 Rd2+ 61.Rxd2 
cxd2 62.Kd1 Bc3 63.Ke2 g5 64.hxg5 hxg5 65.fxg5 Kxg5 66.Be3+ Kh4 67.Bxd2 
Bxd4 68.f4 Kg4 69.Kd3 Bb2 70.Ke4 Kh5 71.Be3 Kg4 72.Bd2 Kg3 73.Be3 Kg2 74.
Bc5 Kf1 75.Be7 Ke2 76.f5 Kd2 77.fxe6 fxe6 78.Kf4 Kd3 79.Kg5 Ke4 80.Bd6 Kd5
81.Kf6 Bc1 82.Kf7 Bb2 83.Kf6 1/2-1/2

[Event "XIV American Continental"]
[Site "Sao Paulo BRA"]
[Date "2019.07.08"]
[Round "5.89"]
[White "Do Prado, Hamilton Mesquita"]
[Black "Moccero, Eduardo"]
[Result "1-0"]
[WhiteElo "1675"]
[BlackElo "1933"]
[EventDate "2019.07.05"]
[PlyCount "151"]
[EventRounds "11"]
[EventCountry "BRA"]

1.d4 d5 2.Bf4 Nf6 3.e3 e6 4.Nd2 c5 5.c3 Nc6 6.h3 Bd6 7.Bxd6 Qxd6 8.Ngf3 
O-O 9.Bd3 c4 10.Bc2 b5 11.a3 a5 12.O-O Bb7 13.e4 e5 14.exd5 Qxd5 15.dxe5 
Nxe5 16.Re1 Rfe8 17.Re3 Rad8 18.Qf1 Nd3 19.Rxe8+ Rxe8 20.Bxd3 cxd3 21.Re1 
Ne4 22.Re3 g6 23.Nxe4 Rxe4 24.Rxd3 Qb3 25.Qc1 Kg7 26.Qd2 Qe6 27.Re3 Rxe3 
28.Qxe3 Qf5 29.Qe5+ Qxe5 30.Nxe5 Kf6 31.Nd7+ Kf5 32.g3 Bc6 33.Nc5 Ke5 34.
Nb3 a4 35.Nd2 g5 36.f3 f5 37.Kf2 Bd5 38.h4 h6 39.Nf1 gxh4 40.gxh4 Kf4 41.
Ne3 Be6 42.Nc2 Bd7 43.Nd4 h5 44.Ne2+ Ke5 45.Ke3 Be8 46.Nf4 Bf7 47.Nd3+ Ke6
48.Kf4 Kf6 49.Nc5 Bd5 50.Na6 Bb7 51.Nb4 Bc8 52.Nc2 Be6 53.Ne3 Bd7 54.c4 
bxc4 55.Nxc4 Bc6 56.Nd2 Bd5 57.Nf1 Bf7 58.Ng3 Bg6 59.Ke3 Ke5 60.f4+ Kd5 
61.Kd3 Kc5 62.Kc3 Kb5 63.b4 axb3 64.Kxb3 Ka5 65.Ne2 Bf7+ 66.Kc3 Ka4 67.Kd4
Kxa3 68.Ke5 Kb4 69.Kxf5 Kc4 70.Kg5 Kd5 71.Ng3 Ke6 72.Nxh5 Bxh5 73.Kxh5 Kf5
74.Kh6 Kf6 75.h5 Kf7 76.Kg5 1-0

[Event "XIV American Continental"]
[Site "Sao Paulo BRA"]
[Date "2019.07.08"]
[Round "5.90"]
[White "Haraguchi, Diego Sashaki"]
[Black "Moro, Antonio Renato Pereira"]
[Result "1/2-1/2"]
[WhiteElo "1634"]
[BlackElo "1927"]
[EventDate "2019.07.05"]
[PlyCount "63"]
[EventRounds "11"]
[EventCountry "BRA"]

1.d4 Nf6 2.c4 e5 3.dxe5 Ng4 4.Bf4 Nc6 5.Nf3 Bb4+ 6.Nbd2 Qe7 7.e3 Ngxe5 8.
Be2 d6 9.O-O Ng6 10.Bg3 Bc5 11.Bd3 O-O 12.Re1 Bg4 13.h3 Bd7 14.a3 a5 15.
Ne4 Nce5 16.Nxc5 dxc5 17.Bxg6 Nxf3+ 18.Qxf3 Bc6 19.Bxh7+ Kxh7 20.Qh5+ Kg8 
21.Bf4 Rfe8 22.Rad1 a4 23.Rd2 Rad8 24.Red1 Rxd2 25.Rxd2 Qe4 26.Qg4 Qxc4 
27.Bxc7 Qc1+ 28.Qd1 Qc4 29.Qc2 Qb5 30.Rd8 Rxd8 31.Bxd8 c4 32.Qd2 1/2-1/2

[Event "XIV American Continental"]
[Site "Sao Paulo BRA"]
[Date "2019.07.08"]
[Round "5.91"]
[White "Da Rosa, Henrique Jaze Simoes"]
[Black "Correa, Jose Augusto"]
[Result "1/2-1/2"]
[WhiteElo "1633"]
[BlackElo "1911"]
[EventDate "2019.07.05"]
[PlyCount "59"]
[EventRounds "11"]
[EventCountry "BRA"]

1.Nf3 d5 2.c4 e6 3.g3 Nf6 4.Bg2 c6 5.b3 Nbd7 6.Bb2 Bd6 7.d4 O-O 8.O-O Re8 
9.Ne5 Bxe5 10.dxe5 Ng4 11.Qd4 Ngxe5 12.f4 c5 13.Qd2 Ng4 14.cxd5 exd5 15.
Bxd5 Ne3 16.Rf2 Nf6 17.Bf3 Nfg4 18.Bxg4 Bxg4 19.Be5 Qxd2 20.Nxd2 Rad8 21.
Ne4 f6 22.Bxf6 Rd1+ 23.Rxd1 Nxd1 24.Be5 Nxf2 25.Kxf2 b6 26.Nd6 Rd8 27.Nc4 
Be6 28.Nd6 a6 29.f5 Bf7 30.Bf4 1/2-1/2

[Event "XIV American Continental"]
[Site "Sao Paulo BRA"]
[Date "2019.07.08"]
[Round "5.92"]
[White "Moyses Sobrinho, Elias"]
[Black "De Oliveira, Francemir Barra"]
[Result "1-0"]
[WhiteElo "1906"]
[BlackElo "1600"]
[EventDate "2019.07.05"]
[PlyCount "50"]
[EventRounds "11"]
[EventCountry "BRA"]

1.d4 Nf6 2.c4 e6 3.Nc3 d5 4.e3 c6 5.Nf3 Bd6 6.Qc2 Bc7 7.e4 O-O 8.e5 Nfd7 
9.c5 f5 10.Bd3 b6 11.b4 a5 12.cxb6 Bxb6 13.bxa5 Rxa5 14.O-O c5 15.dxc5 
Nxc5 16.a4 Nxd3 17.Bg5 Qc7 18.Qxd3 Ba6 19.Nb5 Qd7 20.Rfb1 Rc8 21.Bd2 Bxb5 
22.axb5 Rxa1 23.Rxa1 Rc4 24.Rb1 Qc7 25.Be3 h6 1-0

[Event "XIV American Continental"]
[Site "Sao Paulo BRA"]
[Date "2019.07.08"]
[Round "5.93"]
[White "Nobre, Jose Adalberto Barbosa"]
[Black "Baeta, Marcio Netto"]
[Result "0-1"]
[WhiteElo "1577"]
[BlackElo "1903"]
[EventDate "2019.07.05"]
[PlyCount "53"]
[EventRounds "11"]
[EventCountry "BRA"]

1.Nf3 Nf6 2.d4 c5 3.e3 d5 4.b3 Bg4 5.Bd3 Nc6 6.Bb2 cxd4 7.exd4 e6 8.O-O 
Bd6 9.a3 Qc7 10.Nbd2 Bxh2+ 11.Kh1 Qf4 12.Qe1 Bxf3 13.Nxf3 Ng4 14.Bc1 Qc7 
15.g3 Nxf2+ 16.Qxf2 Bxg3 17.Qg2 O-O-O 18.Ne5 Bxe5 19.dxe5 Qxe5 20.Bf4 Qh5+
21.Bh2 Rdf8 22.Rf3 f5 23.Bb5 e5 24.Raf1 f4 25.Bxc6 bxc6 26.Rh3 Qf5 27.Qf2 
0-1

[Event "XIV American Continental"]
[Site "Sao Paulo BRA"]
[Date "2019.07.08"]
[Round "5.94"]
[White "Hirota da Silva, Nilton"]
[Black "Ferreira, Caio Tulio Moreira"]
[Result "0-1"]
[WhiteElo "1881"]
[BlackElo "1579"]
[EventDate "2019.07.05"]
[PlyCount "82"]
[EventRounds "11"]
[EventCountry "BRA"]

1.Nc3 c5 2.e4 Nc6 3.g3 g6 4.Bg2 Bg7 5.d3 e6 6.f4 Nge7 7.Be3 b6 8.Nf3 O-O 
9.O-O d5 10.Bf2 Rb8 11.e5 f6 12.exf6 Bxf6 13.Re1 Bd7 14.Bh3 Nf5 15.Bxf5 
gxf5 16.d4 c4 17.Qd2 h6 18.Rad1 Kh7 19.Ne5 Nxe5 20.dxe5 Be7 21.Ne2 Rg8 22.
Nd4 Rg7 23.c3 b5 24.Nc2 a5 25.a3 Qc7 26.Bd4 Qd8 27.Qe3 Qc7 28.Kf2 Rgg8 29.
Rg1 Rbc8 30.Ke1 Rb8 31.Ra1 b4 32.axb4 axb4 33.Ra7 Qc6 34.Kd2 bxc3+ 35.Qxc3
Rb3 36.Qa5 Rgb8 37.Rc7 Bd8 38.Rxd7+ Qxd7 39.Qc5 Bb6 40.Qd6 Qxd6 41.exd6 
Bxd4 0-1

[Event "XIV American Continental"]
[Site "Sao Paulo BRA"]
[Date "2019.07.08"]
[Round "5.95"]
[White "Pereira Filho, Hildebrando Apolonio"]
[Black "Torres, Eduardo Lisboa"]
[Result "1-0"]
[WhiteElo "1573"]
[BlackElo "1872"]
[EventDate "2019.07.05"]
[PlyCount "135"]
[EventRounds "11"]
[EventCountry "BRA"]

1.c4 Nf6 2.Nf3 g6 3.b3 Bg7 4.Bb2 O-O 5.Nc3 e6 6.g3 d5 7.Bg2 d4 8.Nb5 c5 9.
d3 a6 10.Na3 Nc6 11.O-O e5 12.Nd2 Be6 13.Nc2 a5 14.Ba3 Qd6 15.Ne1 b6 16.
Nef3 h6 17.h3 Rac8 18.Ne4 Nxe4 19.dxe4 f5 20.Nh4 Ne7 21.exf5 gxf5 22.e4 f4
23.Qd3 Qd7 24.Kh2 Bf6 25.Nf3 Ng6 26.Rad1 h5 27.Bc1 Qg7 28.Rg1 Qh6 29.Ne1 
Bg5 30.Bd2 Bg4 31.Bf3 fxg3+ 32.Rxg3 Bf4 33.Kh1 Rc7 34.Bxg4 hxg4 35.Rxg4 
Bxd2 36.Rxd2 Rf4 37.Rg3 Rcf7 38.Kg1 Kh7 39.Ng2 R4f6 40.Qe2 Nf4 41.Qg4 Rg6 
42.Qh4 Qxh4 43.Nxh4 Nxh3+ 44.Kg2 Nf4+ 45.Kh2 Rh6 46.Rg4 Ng6 47.Kg3 Nxh4 
48.Rxh4 Rxh4 49.Kxh4 Rf4+ 50.Kg5 Rxe4 51.Kf6 Kh6 52.Ke6 Kg5 53.Kd5 Rf4 54.
Kxe5 Kg4 55.Kd6 Kf3 56.Kc6 Rf6+ 57.Kb5 Kg2 58.a3 Rxf2 59.Rd3 Rf6 60.b4 
axb4 61.axb4 Rf5 62.Kxb6 cxb4 63.c5 Rd5 64.c6 b3 65.c7 b2 66.Rb3 d3 67.
c8=Q d2 68.Rxb2 1-0

[Event "XIV American Continental"]
[Site "Sao Paulo BRA"]
[Date "2019.07.08"]
[Round "5.96"]
[White "Haraguchi, Matheus Sashaki"]
[Black "Pascheto, Ademir Heleno"]
[Result "0-1"]
[WhiteElo "1555"]
[BlackElo "1827"]
[EventDate "2019.07.05"]
[PlyCount "154"]
[EventRounds "11"]
[EventCountry "BRA"]

1.c4 Nf6 2.Nc3 e5 3.Nf3 d6 4.g3 g6 5.Bg2 Bg7 6.O-O O-O 7.e4 Nc6 8.a3 a5 9.
Rb1 Ne8 10.d3 f5 11.b4 axb4 12.axb4 fxe4 13.dxe4 Nf6 14.Qc2 Bg4 15.Be3 Qd7
16.Rfc1 Bh3 17.Nd5 Bxg2 18.Kxg2 Ng4 19.Qb3 Nxe3+ 20.Qxe3 Ra2 21.Rf1 Rfa8 
22.c5 R8a3 23.Rb3 Ra8 24.Rd3 Nd4 25.Nxd4 exd4 26.Qf4 Rf8 27.Qc1 Qf7 28.Nf4
Be5 29.Nh3 d5 30.Qe1 Rc2 31.Kg1 Rc3 32.Qe2 dxe4 33.Rxc3 dxc3 34.Qxe4 Qf5 
35.Qd5+ Kg7 36.Nf4 Bxf4 37.Qxf5 Rxf5 38.gxf4 Rxf4 39.Rc1 Rxb4 40.Rxc3 Rd4 
41.Rb3 Rc4 42.Rxb7 Rxc5 43.Kg2 Rc2 44.Kf3 Kh6 45.Kg3 c5 46.Rc7 g5 47.h4 
gxh4+ 48.Kxh4 Rc4+ 49.Kg3 Kg6 50.Rc6+ Kg5 51.f4+ Kf5 52.Rh6 Rc3+ 53.Kf2 
Kxf4 54.Rh4+ Ke5 55.Ke2 Kd5 56.Kd2 Rc4 57.Rxh7 Rg4 58.Kc3 Rg3+ 59.Kc2 Kc4 
60.Rh4+ Kb5 61.Rh8 Kb4 62.Rh4+ c4 63.Rf4 Rg2+ 64.Kc1 Kb3 65.Kd1 Rg1+ 66.
Ke2 c3 67.Rf8 Kc2 68.Rb8 Rg2+ 69.Ke1 Rd2 70.Rb7 Rd1+ 71.Ke2 Kc1 72.Rc7 c2 
73.Rb7 Rd4 74.Rc7 Rb4 75.Kd3 Rb2 76.Rg7 Kb1 77.Rg1+ c1=Q 0-1

[Event "XIV American Continental"]
[Site "Sao Paulo BRA"]
[Date "2019.07.08"]
[Round "5.97"]
[White "Melo, Igor de Souza"]
[Black "Machado, Wesley Henrique"]
[Result "0-1"]
[WhiteElo "1825"]
[BlackElo "1386"]
[EventDate "2019.07.05"]
[PlyCount "146"]
[EventRounds "11"]
[EventCountry "BRA"]

1.e4 e5 2.Nf3 Nc6 3.d4 exd4 4.Bc4 Bb4+ 5.c3 dxc3 6.bxc3 Bc5 7.Bxf7+ Kxf7 
8.Qd5+ Ke8 9.Qh5+ Kf8 10.Qxc5+ d6 11.Qe3 Qe7 12.O-O Nf6 13.Re1 Bg4 14.e5 
Bxf3 15.exf6 Qxe3 16.fxg7+ Kxg7 17.Rxe3 Bh5 18.Rg3+ Bg6 19.c4 Rae8 20.Bb2+
Kf8 21.Na3 Rg8 22.Nb5 Re7 23.Ba3 Ke8 24.c5 d5 25.Nc3 Rd7 26.Rd1 d4 27.Ne2 
Ke7 28.Rd2 Rgd8 29.Nf4 Kf7 30.Nxg6 hxg6 31.f4 Na5 32.Bb4 Nc4 33.Rdd3 Nb2 
34.Rd2 Nc4 35.Rd1 d3 36.Bd2 Nb2 37.Rb1 Nc4 38.Rd1 Nb2 39.Rc1 Re7 40.Rf3 
Re2 41.Rf2 Rde8 42.c6 b6 43.Bc3 Rxf2 44.Kxf2 Re2+ 45.Kg3 d2 46.Bxd2 Rxd2 
47.h4 Nd3 48.Rc3 Nc5 49.Rc4 Rxa2 50.Kf3 a5 51.g4 a4 52.h5 Ra3+ 53.Kg2 gxh5
54.gxh5 Rd3 55.Rc1 Kg7 56.Re1 Kf7 57.f5 Rd5 58.Rf1 Kf6 59.h6 Rd8 60.Rh1 
Kxf5 61.Kf3 Rh8 62.h7 Kg6 63.Kf4 Rxh7 64.Rg1+ Kf7 65.Ke5 a3 66.Ra1 Rh3 67.
Kd4 Ke6 68.Re1+ Kd6 69.Kc4 a2 70.Kb5 Rb3+ 71.Kc4 Rb1 72.Re2 b5+ 73.Kd4 
a1=Q+ 0-1

[Event "XIV American Continental"]
[Site "Sao Paulo BRA"]
[Date "2019.07.08"]
[Round "5.98"]
[White "Dos Santos, Fabio Alexandre"]
[Black "Reyes, Jesus"]
[Result "1-0"]
[WhiteElo "1821"]
[BlackElo "1354"]
[EventDate "2019.07.05"]
[PlyCount "86"]
[EventRounds "11"]
[EventCountry "BRA"]

1.c4 Nf6 2.Nc3 g6 3.g3 Bg7 4.Bg2 O-O 5.e3 d6 6.Nge2 Nc6 7.O-O e5 8.d4 Re8 
9.b3 exd4 10.exd4 Bf5 11.Bb2 Ne4 12.Nd5 Ng5 13.Nef4 Be4 14.f3 Bxd5 15.cxd5
Ne7 16.h4 h6 17.hxg5 hxg5 18.Ne2 Nxd5 19.Qd2 Ne3 20.Rfe1 d5 21.Nc3 Nxg2 
22.Rxe8+ Qxe8 23.Kxg2 Qd8 24.Re1 c6 25.Ba3 Bf6 26.Nd1 Qd7 27.Nf2 Re8 28.
Ng4 Bg7 29.Rxe8+ Qxe8 30.Bd6 Qd8 31.Ba3 Qe8 32.Bb2 Qe7 33.Kf1 f5 34.Ne5 
Bxe5 35.dxe5 Qh7 36.Qg2 Kf7 37.Kg1 Ke6 38.f4 gxf4 39.gxf4 b6 40.Qg5 Qf7 
41.Qd8 Qe7 42.Qxe7+ Kxe7 43.Kg2 c5 1-0

[Event "XIV American Continental"]
[Site "Sao Paulo BRA"]
[Date "2019.07.08"]
[Round "5.100"]
[White "Soares, Renan Barbosa Monteiro"]
[Black "Nobre, Jailson Altair Barbosa"]
[Result "1/2-1/2"]
[WhiteElo "1985"]
[BlackElo "1692"]
[EventDate "2019.07.05"]
[PlyCount "126"]
[EventRounds "11"]
[EventCountry "BRA"]

1.d4 Nf6 2.c4 e6 3.Nf3 Bb4+ 4.Bd2 Qe7 5.g3 O-O 6.Bg2 Bxd2+ 7.Qxd2 d6 8.Nc3
a6 9.O-O c5 10.Rad1 Nc6 11.dxc5 dxc5 12.Qd6 Re8 13.Ng5 Qxd6 14.Rxd6 Ne5 
15.b3 Rb8 16.a4 Bd7 17.Nge4 Nxe4 18.Nxe4 Bc6 19.Nxc5 Bxg2 20.Kxg2 Rec8 21.
Nd7 Nxd7 22.Rxd7 b5 23.cxb5 axb5 24.Rfd1 Kf8 25.Ra7 Ra8 26.Rdd7 Rxa7 27.
Rxa7 bxa4 28.bxa4 Rc3 29.a5 g6 30.a6 Kg7 31.e3 Ra3 32.Kf3 Kf6 33.Ra8 Ra4 
34.a7 e5 35.Ke2 e4 36.Kd2 Ra3 37.Kc2 Kg7 38.Kb2 Ra6 39.Kb3 f5 40.Kb4 Ra1 
41.Kc5 Rc1+ 42.Kd6 Ra1 43.h3 h5 44.Ke5 Ra5+ 45.Kf4 Kh7 46.g4 hxg4 47.hxg4 
Kg7 48.gxf5 gxf5 49.Kg5 Kh7 50.Rf8 Rxa7 51.Kxf5 Kg7 52.Rc8 Rf7+ 53.Kxe4 
Rxf2 54.Rc1 Ra2 55.Re1 Kf7 56.Ke5 Ra6 57.e4 Ke7 58.Kf5 Ra5+ 59.e5 Ra2 60.
Re3 Rf2+ 61.Ke4 Ke6 62.Re1 Ra2 63.Kd4 Ra4+ 1/2-1/2

[Event "XIV American Continental"]
[Site "Sao Paulo BRA"]
[Date "2019.07.08"]
[Round "5.101"]
[White "De Freitas, Jose Renato Silva"]
[Black "Cadilhac, Mariana Sawae Kikuchi"]
[Result "1-0"]
[WhiteElo "1873"]
[BlackElo "1639"]
[EventDate "2019.07.05"]
[PlyCount "83"]
[EventRounds "11"]
[EventCountry "BRA"]

1.d4 d5 2.c4 c6 3.Nf3 Nf6 4.Nc3 dxc4 5.a4 Bf5 6.Nh4 Bg6 7.Nxg6 hxg6 8.e4 
e6 9.Bxc4 Bb4 10.f3 Qc7 11.e5 Nd5 12.Bd2 Nb6 13.Bb3 Na6 14.Rc1 Qe7 15.Ne4 
O-O-O 16.Bc3 f5 17.Nd2 Kb8 18.O-O Qh4 19.h3 c5 20.f4 cxd4 21.Bxb4 Nxb4 22.
Bxe6 Nd3 23.Nf3 Qe7 24.Qxd3 Qxe6 25.Nxd4 Qd5 26.Rfd1 Nxa4 27.Qa3 Nb6 28.
Nc6+ Qxc6 29.Rxd8+ Rxd8 30.Rxc6 bxc6 31.Qe7 Rd7 32.Qe8+ Kb7 33.Qxg6 Rd1+ 
34.Kh2 Rd2 35.e6 Nd5 36.Qxg7+ Kb6 37.Qe5 Rc2 38.e7 Nxe7 39.Qxe7 Rxb2 40.h4
a5 41.h5 a4 42.h6 1-0

[Event "XIV American Continental"]
[Site "Sao Paulo BRA"]
[Date "2019.07.08"]
[Round "5.102"]
[White "Borensztajn, David"]
[Black "Costa, Iaggo Bernini"]
[Result "0-1"]
[WhiteElo "1777"]
[BlackElo "1507"]
[EventDate "2019.07.05"]
[PlyCount "84"]
[EventRounds "11"]
[EventCountry "BRA"]

1.d4 Nf6 2.Nf3 g6 3.Nc3 d5 4.Bg5 Bg7 5.e3 O-O 6.Be2 Nc6 7.Ne5 Bf5 8.g4 Be6
9.Nd3 b6 10.Nf4 Qd7 11.h3 Nd8 12.Bf3 c6 13.Qd3 Nb7 14.O-O-O Nd6 15.Rdg1 a5
16.Bxf6 exf6 17.h4 b5 18.g5 Bf5 19.Qe2 fxg5 20.hxg5 a4 21.Bg4 b4 22.Nb1 b3
23.cxb3 axb3 24.a3 Rfe8 25.Bxf5 Qxf5 26.Qd3 Qd7 27.Rh2 Qc7 28.Rgh1 Ne4 29.
Rg2 Ra4 30.f3 Rc4+ 31.Kd1 Nd6 32.Nd2 Nf5 33.Re1 Nxd4 34.Nxc4 dxc4 35.Qxc4 
Nxf3 36.Ree2 Qd6+ 37.Kc1 Rb8 38.Qd3 Qc5+ 39.Kb1 Ne5 40.Qd1 Nc4 41.Qc1 Bxb2
42.Rxb2 Nxa3+ 0-1

[Event "XIV American Continental"]
[Site "Sao Paulo BRA"]
[Date "2019.07.08"]
[Round "5.103"]
[White "Cabral Mesquita, Jussier"]
[Black "Olivo, Anibal Ribeiro"]
[Result "1-0"]
[WhiteElo "1728"]
[BlackElo "1649"]
[EventDate "2019.07.05"]
[PlyCount "51"]
[EventRounds "11"]
[EventCountry "BRA"]

1.e4 e5 2.Nf3 Nc6 3.Bc4 Bc5 4.c3 Nf6 5.d3 h6 6.h3 a6 7.Bb3 d6 8.O-O Ba7 9.
Re1 O-O 10.Nbd2 Ne7 11.Nf1 Ng6 12.Ng3 Be6 13.Bc2 Re8 14.Nh2 c6 15.Qe2 Qe7 
16.Ng4 Nxg4 17.hxg4 Qd7 18.Nf5 Ne7 19.g3 h5 20.Qd2 hxg4 21.Nxg7 Kxg7 22.
Qh6+ Kg8 23.Bg5 f5 24.Bf6 Ng6 25.Qxg6+ Kf8 26.Qh6+ 1-0

[Event "XIV American Continental"]
[Site "Sao Paulo BRA"]
[Date "2019.07.08"]
[Round "5.104"]
[White "Dabraccio, Guillermo"]
[Black "Passos Coutinho, Eduardo"]
[Result "1-0"]
[WhiteElo "1611"]
[BlackElo "1728"]
[EventDate "2019.07.05"]
[PlyCount "91"]
[EventRounds "11"]
[EventCountry "BRA"]

1.d4 Nf6 2.Nf3 g6 3.Bg5 Bg7 4.e3 O-O 5.Be2 c5 6.Nc3 b6 7.O-O Bb7 8.a4 h6 
9.Bh4 d5 10.h3 Nc6 11.Rb1 Re8 12.Bg3 Ne4 13.Nxe4 dxe4 14.Ne5 cxd4 15.exd4 
Nxd4 16.Bc4 e6 17.c3 Nf5 18.Bh2 Qg5 19.f4 exf3 20.Nxf3 Qe7 21.Qe2 Qc5+ 22.
Rf2 Bxf3 23.gxf3 Qe3 24.Re1 Qxe2 25.Rfxe2 h5 26.Bb5 Red8 27.Bc7 Rf8 28.Rd1
Bf6 29.Rd7 a6 30.Bc6 Ra7 31.Red2 b5 32.axb5 axb5 33.Bxb5 Ra1+ 34.Rd1 Rxd1+
35.Rxd1 Ra8 36.f4 Ra2 37.Rb1 Ne3 38.Be5 Be7 39.Bd4 Nf5 40.Bc4 Ra4 41.Bb3 
Ra8 42.Be5 Bc5+ 43.Kf1 Ra7 44.Ke2 Rb7 45.Bc2 Nd6 46.b4 1-0

[Event "XIV American Continental"]
[Site "Sao Paulo BRA"]
[Date "2019.07.08"]
[Round "5.105"]
[White "Japiassu, Glauco Antonio Bezerra"]
[Black "Azevedo, Eduardo Jose Estevao de"]
[Result "1/2-1/2"]
[WhiteElo "1526"]
[BlackElo "1738"]
[EventDate "2019.07.05"]
[PlyCount "83"]
[EventRounds "11"]
[EventCountry "BRA"]

1.d4 e6 2.Bf4 d5 3.e3 Bd6 4.Bg3 f5 5.Nf3 Nf6 6.c3 O-O 7.Nbd2 c6 8.Bd3 Qc7 
9.Ne5 Nbd7 10.Ndf3 Ne4 11.Nxd7 Bxd7 12.Bxd6 Qxd6 13.Ne5 Be8 14.Bxe4 fxe4 
15.O-O Rf6 16.b4 Rh6 17.a3 Bh5 18.Qd2 Rf8 19.Rac1 Qe7 20.f4 exf3 21.Nxf3 
Bxf3 22.Rxf3 Rxf3 23.gxf3 Qg5+ 24.Kh1 Rg6 25.f4 Qg4 26.Qf2 Qf5 27.Rg1 Qe4+
28.Rg2 Rxg2 29.Qxg2 Qxe3 30.Qg5 Qe4+ 31.Kg1 Qg6 32.Qxg6 hxg6 33.Kg2 b5 34.
Kg3 Kf7 35.Kg4 Kf6 36.h3 Ke7 37.Kg5 Kf7 38.h4 a6 39.Kg4 Kf6 40.Kg3 Ke7 41.
Kg4 Kf6 42.Kg3 1/2-1/2

[Event "XIV American Continental"]
[Site "Sao Paulo BRA"]
[Date "2019.07.08"]
[Round "5.106"]
[White "Ferreira, Jose Carlos"]
[Black "Da Silveira, Thiago Graca"]
[Result "1-0"]
[WhiteElo "1835"]
[BlackElo "1590"]
[EventDate "2019.07.05"]
[PlyCount "115"]
[EventRounds "11"]
[EventCountry "BRA"]

1.d4 d5 2.c4 c6 3.Nc3 e6 4.e3 a6 5.cxd5 cxd5 6.Bd3 g6 7.Nge2 Bg7 8.O-O Ne7
9.Bd2 O-O 10.Rc1 Nbc6 11.f4 f5 12.Kh1 b5 13.Ng1 Bb7 14.Nf3 Nc8 15.Ne2 Nd6 
16.Ng5 Qd7 17.h4 h6 18.Nh3 Ne4 19.Bxe4 fxe4 20.Ng3 Rac8 21.h5 Qf7 22.Qg4 
Ne7 23.Bb4 Rxc1 24.Rxc1 Rc8 25.Rxc8+ Bxc8 26.Bxe7 Qxe7 27.Qxg6 Qf7 28.Qg4 
Qc7 29.Qe2 Qc1+ 30.Kh2 Qc4 31.b3 Qxe2 32.Nxe2 b4 33.Nf2 Bd7 34.g4 Bf6 35.
Kg3 a5 36.Nh3 Kg7 37.g5 hxg5 38.fxg5 Be7 39.Nef4 Bd6 40.Nf2 e5 41.dxe5 
Bxe5 42.h6+ Kh7 43.Ng4 Bxg4 44.Kxg4 d4 45.exd4 Bxd4 46.Kf5 e3 47.Ke4 Bb6 
48.Kd3 Ba7 49.Nd5 e2 50.Kxe2 Bd4 51.Kf3 Kg6 52.Kg4 Bc3 53.Nf4+ Kh7 54.Kh5 
Be5 55.g6+ Kg8 56.Kg5 Kf8 57.Kf5 Bd4 58.Ne6+ 1-0

[Event "XIV American Continental"]
[Site "Sao Paulo BRA"]
[Date "2019.07.09"]
[Round "6.8"]
[White "Hernandez Sanchez, Jairo Andres"]
[Black "Di Berardino, Diego Rafael"]
[Result "1-0"]
[WhiteElo "2387"]
[BlackElo "2506"]
[EventDate "2019.07.05"]
[PlyCount "63"]
[EventRounds "11"]
[EventCountry "BRA"]

1.e4 c5 2.Nf3 d6 3.Bb5+ Nd7 4.c3 Nf6 5.Qe2 a6 6.Ba4 b5 7.Bc2 Bb7 8.a4 e6 
9.O-O Be7 10.d4 O-O 11.Nbd2 Qc7 12.e5 dxe5 13.dxe5 Nd5 14.Re1 Nf4 15.Qe3 
Ng6 16.c4 b4 17.h4 Rfd8 18.h5 Ngf8 19.h6 g6 20.b3 f5 21.exf6 Nxf6 22.Ne5 
N6d7 23.Bb2 Nxe5 24.Bxe5 Bd6 25.Bxd6 Rxd6 26.Be4 Rad8 27.Ra2 Bc8 28.Nf3 a5
29.Rae2 Nd7 30.Qg5 Nf8 31.Ne5 Bd7 32.Qe7 1-0

[Event "XIV American Continental"]
[Site "Sao Paulo BRA"]
[Date "2019.07.09"]
[Round "6.20"]
[White "Donoso Diaz, Sebastian"]
[Black "Garcia Cardenas, Pablo"]
[Result "1/2-1/2"]
[WhiteElo "2239"]
[BlackElo "2443"]
[EventDate "2019.07.05"]
[PlyCount "105"]
[EventRounds "11"]
[EventCountry "BRA"]

1.Nf3 d5 2.e3 Nf6 3.c4 c6 4.Nc3 g6 5.cxd5 cxd5 6.h3 Bg7 7.d4 O-O 8.Bd3 Nc6
9.O-O Bf5 10.Bxf5 gxf5 11.Ne1 Rc8 12.Nd3 Na5 13.Bd2 Nc4 14.b3 Nxd2 15.Qxd2
Ne4 16.Nxe4 dxe4 17.Nf4 e5 18.Nh5 Rc6 19.Rad1 Rd6 20.d5 Qd7 21.f3 Rd8 22.
fxe4 fxe4 23.Qf2 Rg6 24.Ng3 f5 25.Nxf5 Rf8 26.d6 Kh8 27.Qh4 Rxf5 28.Rxf5 
Qxf5 29.Qd8+ Qf8 30.Qxf8+ Bxf8 31.d7 Be7 32.d8=Q+ Bxd8 33.Rxd8+ Kg7 34.
Rd7+ Kh6 35.Rxb7 Ra6 36.a4 Rc6 37.b4 Rc3 38.Rxa7 Rxe3 39.Kf2 Rb3 40.Rb7 
Kg5 41.b5 h5 42.a5 Kf5 43.g4+ hxg4 44.hxg4+ Kxg4 45.Rg7+ Kf5 46.b6 Rb2+ 
47.Ke3 Rb3+ 48.Ke2 Rb2+ 49.Ke1 e3 50.b7 Ke4 51.a6 Rb1+ 52.Ke2 Rb2+ 53.Ke1 
1/2-1/2

[Event "XIV American Continental"]
[Site "Sao Paulo BRA"]
[Date "2019.07.09"]
[Round "6.22"]
[White "Bittencourt, Jorge"]
[Black "Araujo, Sergio Murilo"]
[Result "1/2-1/2"]
[WhiteElo "2433"]
[BlackElo "2090"]
[EventDate "2019.07.05"]
[PlyCount "61"]
[EventRounds "11"]
[EventCountry "BRA"]

1.e4 d6 2.d4 Nf6 3.Nc3 g6 4.Be3 Bg7 5.Qd2 O-O 6.O-O-O c6 7.Bh6 Qc7 8.h4 e5
9.Bxg7 Kxg7 10.h5 b5 11.hxg6 fxg6 12.f3 a6 13.Kb1 Qe7 14.g4 Re8 15.Nge2 
Nbd7 16.Ng3 Nf8 17.d5 c5 18.b3 Ra7 19.Kb2 Ng8 20.a4 b4 21.Nb1 Qf6 22.Qg2 
Kh8 23.Nd2 Rf7 24.Be2 Qd8 25.Ngf1 Nd7 26.g5 Ref8 27.Ne3 Qc7 28.Qg3 Qd8 29.
Bf1 Nb6 30.a5 Na8 31.Nec4 1/2-1/2

[Event "XIV American Continental"]
[Site "Sao Paulo BRA"]
[Date "2019.07.09"]
[Round "6.25"]
[White "Do Valle Cardoso, Lucas"]
[Black "Barria Zuniga, Daniel"]
[Result "1-0"]
[WhiteElo "2132"]
[BlackElo "2379"]
[EventDate "2019.07.05"]
[PlyCount "71"]
[EventRounds "11"]
[EventCountry "BRA"]

1.e4 g6 2.d4 Bg7 3.Nc3 c5 4.dxc5 Bxc3+ 5.bxc3 Nf6 6.e5 Ne4 7.Qd4 Qa5 8.Qb4
Qxc5 9.Qxc5 Nxc5 10.Nf3 b6 11.Nd4 Bb7 12.a4 Nc6 13.Nxc6 Bxc6 14.a5 O-O 15.
f3 Rfc8 16.Be3 Na4 17.c4 bxa5 18.Bd3 Rcb8 19.Kf2 f6 20.exf6 e5 21.Ra3 Kf7 
22.Rha1 Nb2 23.Rxa5 Nxd3+ 24.cxd3 Rb2+ 25.Kg1 Kxf6 26.d4 Rb4 27.Rxe5 Rxc4 
28.Bg5+ Kf7 29.Re7+ Kf8 30.Rae1 Bd5 31.Rxd7 Bf7 32.Ree7 Be8 33.Bh6+ Kg8 
34.Rg7+ Kh8 35.Rxh7+ Kg8 36.Rdg7+ 1-0

[Event "XIV American Continental"]
[Site "Sao Paulo BRA"]
[Date "2019.07.09"]
[Round "6.26"]
[White "De Borba, Gabriel"]
[Black "Lima, Darcy"]
[Result "0-1"]
[WhiteElo "2116"]
[BlackElo "2543"]
[EventDate "2019.07.05"]
[PlyCount "114"]
[EventRounds "11"]
[EventCountry "BRA"]

1.e4 e5 2.Nf3 Nc6 3.Bb5 Nge7 4.O-O Ng6 5.c3 d6 6.d4 Bd7 7.Nbd2 Be7 8.Re1 
O-O 9.Nc4 Bf6 10.d5 Nce7 11.Bxd7 Qxd7 12.Ne3 Nf4 13.g3 Nh3+ 14.Kg2 Ng5 15.
Nf5 Nxf5 16.Nxg5 Bxg5 17.Bxg5 f6 18.Bd2 Ne7 19.c4 f5 20.f3 c5 21.Qc2 Rf7 
22.Rf1 Raf8 23.Qd3 Ng6 24.Qe2 h6 25.a3 Rf6 26.b4 b6 27.Rab1 Qa4 28.Qd3 
fxe4 29.fxe4 Rxf1 30.Rxf1 Rxf1 31.Kxf1 Qd1+ 32.Kg2 Nf8 33.bxc5 bxc5 34.Kf2
Qh1 35.h4 Nd7 36.Qf3 Qxf3+ 37.Kxf3 Nb6 38.Bc3 Nxc4 39.a4 h5 40.Ke2 Kf7 41.
Kd3 Nb6 42.a5 Nd7 43.Kc4 Nf6 44.Kd3 Ke7 45.a6 Kd7 46.Ba5 Ne8 47.Kc4 Nc7 
48.Bd2 Nxa6 49.Kb5 Nc7+ 50.Kc4 Ne8 51.Kd3 Nf6 52.Be1 Kc8 53.Ba5 Ne8 54.Kc4
Nf6 55.Kb5 Kb7 56.Be1 a6+ 57.Ka5 Nd7 0-1